[Event "Olympiad Women-42"]
[Site "Baku"]
[Date "2016.09.12"]
[Round "10.1"]
[White "Kukula, Esi"]
[Black "Szekely, Olga"]
[Result "0-1"]
[WhiteElo "1264"]
[BlackElo "1754"]
[PlyCount "60"]
[EventDate "2016.09.02"]
[EventType "team-swiss"]
[EventRounds "11"]
[EventCountry "AZE"]
[SourceTitle "CBM 174 Extra"]
[Source "ChessBase"]
[SourceDate "2016.10.10"]
[SourceVersion "1"]
[SourceVersionDate "2016.10.10"]
[SourceQuality "1"]
[WhiteTeam "Ghana (W)"]
[BlackTeam "Guam (W)"]
[WhiteTeamCountry "GHA"]
[BlackTeamCountry "GMA"]

1. e4 d6 2. d4 Nf6 3. Nc3 g6 4. Bc4 Bg7 5. Nge2 0-0 6. f3 Nc6 7. Be3 e5 8. 0-0 h6 9. Qd2 Kh7 10. a3 a6 11. Rad1 exd4 12. Nxd4 Nxd4 13. Bxd4 Be6 14. Be2 Nh5 15. Be3 Qh4 16. Bf2 Qe7 17. b4 Rad8 18. Qe3 c6 19. e5 Bxe5 20. f4 Nxf4 21. Ne4 Nxe2+ 22. Qxe2 b5 23. Bg3 Bc4 24. Bh4 Qxh4 25. Qd2 Qxe4 26. Rfe1 Qf4 27. Qxf4 Bxf4 28. Rd4 Be5 29. Rde4 f5 30. R4e3 Bd4 0-1

[Event "Olympiad Women-42"]
[Site "Baku"]
[Date "2016.09.09"]
[Round "7.1"]
[White "Kukula, Esi"]
[Black "Nosimilo, Mkhonto"]
[Result "0-1"]
[WhiteElo "1264"]
[BlackElo "1392"]
[PlyCount "106"]
[EventDate "2016.09.02"]
[EventType "team-swiss"]
[EventRounds "11"]
[EventCountry "AZE"]
[SourceTitle "CBM 174 Extra"]
[Source "ChessBase"]
[SourceDate "2016.10.10"]
[SourceVersion "1"]
[SourceVersionDate "2016.10.10"]
[SourceQuality "1"]
[WhiteTeam "Ghana (W)"]
[BlackTeam "Swaziland (W)"]
[WhiteTeamCountry "GHA"]
[BlackTeamCountry "SWA"]

1. e4 b6 2. Nc3 Bb7 3. d4 e6 4. Nf3 Bb4 5. Bd2 Be7 6. g3 Nf6 7. h3 Nxe4 8. Nxe4 Bxe4 9. Bd3 Bxd3 10. cxd3 c5 11. 0-0 cxd4 12. Nxd4 Nc6 13. Nf3 0-0 14. Kg2 Rc8 15. a3 Bf6 16. Bc3 Bxc3 17. bxc3 Ne7 18. Rc1 Ng6 19. Re1 Qf6 20. Re4 Rxc3 21. a4 Rxc1 22. Qxc1 h6 23. Qc7 d5 24. Rb4 Qe7 25. Qc3 e5 26. d4 e4 27. Ne5 Nxe5 28. dxe5 f6 29. exf6 Qxf6 30. Qd4 Qxd4 31. Rxd4 Rd8 32. g4 Kf7 33. h4 a6 34. h5 b5 35. a5 Ke6 36. Kg3 Rb8 37. Kf4 b4 38. Rd2 b3 39. Rb2 Rb4 40. g5 e3+ 41. Kf3 exf2 42. Kxf2 hxg5 43. Kg3 d4 44. Kg4 d3+ 45. Kxg5 Kf7 46. h6 gxh6+ 47. Kxh6 Ke6 48. Kg5 Kd5 49. Kf5 Kd4 50. Kf4 Kc3+ 51. Ke3 Kxb2 52. Kxd3 Kc1 53. Kc3 Rb8 0-1

[Event "Olympiad Women-42"]
[Site "Baku"]
[Date "2016.09.06"]
[Round "5.2"]
[White "Kukula, Esi"]
[Black "Nkhoma, Desiderata"]
[Result "0-1"]
[WhiteElo "1264"]
[BlackElo "1375"]
[PlyCount "80"]
[EventDate "2016.09.02"]
[EventType "team-swiss"]
[EventRounds "11"]
[EventCountry "AZE"]
[SourceTitle "CBM 174 Extra"]
[Source "ChessBase"]
[SourceDate "2016.10.10"]
[SourceVersion "1"]
[SourceVersionDate "2016.10.10"]
[SourceQuality "1"]
[WhiteTeam "Ghana (W)"]
[BlackTeam "Malawi (W)"]
[WhiteTeamCountry "GHA"]
[BlackTeamCountry "MWI"]

1. e4 e5 2. Nf3 Nc6 3. Nc3 Bc5 4. Bc4 Nf6 5. d3 0-0 6. h3 h6 7. a3 a6 8. Be3 Bxe3 9. fxe3 d6 10. Qd2 Ne7 11. 0-0-0 b5 12. Bb3 Bd7 13. Nd5 Nexd5 14. exd5 a5 15. e4 Qb8 16. g4 Nh7 17. g5 h5 18. h4 g6 19. Rhe1 Qb6 20. Rf1 a4 21. Ba2 Qa5 22. c3 Bg4 23. b4 axb3 24. Bxb3 Qxa3+ 25. Kc2 Qc5 26. d4 exd4 27. Rde1 Bh3 28. Rh1 Bg2 29. Qxd4 Bxh1 30. Qxc5 dxc5 31. Rxh1 Rfe8 32. Re1 c4 33. Nd4 cxb3+ 34. Kxb3 Nf8 35. Nxb5 Rab8 36. Kb4 Nd7 37. c4 Ne5 38. c5 Nd3+ 39. Kc4 Nxe1 40. Nxc7 Rxe4+ 0-1

[Event "Olympiad Women-42"]
[Site "Baku"]
[Date "2016.09.05"]
[Round "4.63"]
[White "Shipindo, Rauha"]
[Black "Kukula, Esi"]
[Result "1-0"]
[WhiteElo "1621"]
[BlackElo "1264"]
[PlyCount "61"]
[EventDate "2016.09.02"]
[EventType "team-swiss"]
[EventRounds "11"]
[EventCountry "AZE"]
[SourceTitle "CBM 174 Extra"]
[Source "ChessBase"]
[SourceDate "2016.10.10"]
[SourceVersion "1"]
[SourceVersionDate "2016.10.10"]
[SourceQuality "1"]
[WhiteTeam "Namibia (W)"]
[BlackTeam "Ghana (W)"]
[WhiteTeamCountry "NAM"]
[BlackTeamCountry "GHA"]

1. e4 e5 2. Nf3 Nc6 3. Bc4 Bc5 4. d3 d6 5. Nc3 a6 6. Ng5 Qf6 7. 0-0 g6 8. Nxf7 Be6 9. Bxe6 h6 10. Nd5 Qxe6 11. Nxc7+ Kxf7 12. Nxe6 Kxe6 13. Qg4+ Kf6 14. Be3 Nb4 15. Bxc5 dxc5 16. c3 Nxd3 17. Qf3+ Nf4 18. g3 Rf8 19. gxf4 exf4 20. Qxf4+ Kg7 21. Qc7+ Rf7 22. Qxc5 Nf6 23. e5 Nd7 24. Qd4 Rd8 25. e6+ Rf6 26. exd7 Rxd7 27. Qxd7+ Rf7 28. Qd4+ Rf6 29. Rae1 g5 30. Re6 Kf7 31. Qxf6+ 1-0

[Event "Olympiad Women-42"]
[Site "Baku"]
[Date "2016.09.04"]
[Round "3.54"]
[White "Vilhete, Vania Fausto da T"]
[Black "Kukula, Esi"]
[Result "1-0"]
[WhiteElo "1741"]
[BlackElo "1264"]
[PlyCount "37"]
[EventDate "2016.09.02"]
[EventType "team-swiss"]
[EventRounds "11"]
[EventCountry "AZE"]
[SourceTitle "CBM 174 Extra"]
[Source "ChessBase"]
[SourceDate "2016.10.10"]
[SourceVersion "1"]
[SourceVersionDate "2016.10.10"]
[SourceQuality "1"]
[WhiteTeam "Mozambique (W)"]
[BlackTeam "Ghana (W)"]
[WhiteTeamCountry "MOZ"]
[BlackTeamCountry "GHA"]

1. e4 e5 2. Nf3 Nc6 3. Bb5 Bc5 4. 0-0 Nf6 5. d3 0-0 6. Bxc6 bxc6 7. Nxe5 d6 8. Nxc6 Bg4 9. Nxd8 Bxd1 10. Rxd1 Raxd8 11. d4 Bb6 12. Bg5 Rfe8 13. Nc3 Rd7 14. Bxf6 gxf6 15. Nd5 Kg7 16. Rd3 Rxe4 17. Rg3+ Kh8 18. Nxf6 Rde7 19. Rg8# 1-0

[Event "Olympiad Women-42"]
[Site "Baku"]
[Date "2016.09.03"]
[Round "2.52"]
[White "Kukula, Esi"]
[Black "Jose Polanco, Kenia"]
[Result "0-1"]
[WhiteElo "1264"]
[BlackElo "1923"]
[PlyCount "41"]
[EventDate "2016.09.02"]
[EventType "team-swiss"]
[EventRounds "11"]
[EventCountry "AZE"]
[SourceTitle "CBM 174 Extra"]
[Source "ChessBase"]
[SourceDate "2016.10.10"]
[SourceVersion "1"]
[SourceVersionDate "2016.10.10"]
[SourceQuality "1"]
[WhiteTeam "Ghana (W)"]
[BlackTeam "Dominican Republic (W)"]
[WhiteTeamCountry "GHA"]
[BlackTeamCountry "DOM"]

1. e4 c5 2. Nf3 g6 3. d4 cxd4 4. Nxd4 Nf6 5. Nc3 Nc6 6. Be3 Bg7 7. Qd2 Ng4 8. Bf4 Bxd4 9. Bg3 Bg7 10. 0-0-0 Qa5 11. f3 Nf6 12. Bc4 0-0 13. Bb3 b5 14. Kb1 Qb6 15. Bf4 a5 16. h4 h5 17. g4 a4 18. Bd5 b4 19. g5 bxc3 20. Qxc3 Nxd5 21. exd5 0-1